000 00466nam a2200169 a 4500
005 20140412111253.0
008 000822s19uu xx 00 eng d
020 _a0-590-89752-7
050 _aTR(PS E
_bEa7 1994
100 _aAsch, Frank
245 _aEarth and I (The) /
_cFrank Asch.
260 _aNew York :
_bScholastic Inc,
_c1994.
300 _a 1 v. (unp.) ; ill.
650 _aEnvironmental care-Fiction
650 _aFrienship-Fiction
999 _c103194
_d103194